|
|
|
|
| LEADER |
00726nam a2200205 i 4500 |
| 001 |
c000256460 |
| 003 |
CARM |
| 005 |
00000000000000.0 |
| 008 |
850306s1969 pau 0 eng d |
| 019 |
1 |
|
|a 707402
|5 LACONCORD2021
|
| 035 |
|
|
|a (OCoLC)10422
|5 LACONCORD2021
|
| 082 |
0 |
4 |
|a 108
|
| 100 |
1 |
|
|a Rescher, Nicholas.
|
| 245 |
1 |
0 |
|a Essays in philosophical analysis.
|
| 260 |
|
|
|a [Pittsburgh] :
|b University of Pittsburgh Press,
|c [1969].
|
| 300 |
|
|
|a 430 p. :
|b illus.
|
| 650 |
|
0 |
|a Philosophy.
|
| 852 |
8 |
|
|b CARM
|h A2:AQ13G0
|i C08447
|p 0321925
|f BK
|
| 999 |
f |
f |
|i 84d5e1da-c54f-5819-950c-2ebc1ff0f47a
|s c24b78b2-7d76-5b51-8eee-c88eeac37953
|
| 952 |
f |
f |
|p Can circulate
|a CAVAL
|b CAVAL
|c CAVAL
|d CARM 1 Store
|e C08447
|f A2:AQ13G0
|h Other scheme
|i book
|m 0321925
|